1035 1844 1666 1295 1530 1732 1785 1142 1844 1975 1242 1933 1408 1645 1066 1395 1906 1383 1070 1450 1108 1131 1312 1625 1224 1008 1840 1594 1282 1305 1415 1451 1940 1893 1512 1612 1525 1513 1017 1993 1737 1708 1943 1824 1541 1573 1829 1276 1858 1779 1511 1990 1133 1874 1640 1392 1869 1952 1403 1035 1904 1899 1633 1500 1343 1859 1668 1891 1351 1953 1631 1367 1446 1310 1094 1792 1956 1729 1865 1078 1507 1061 1786 1977 1717 1126 1274 1847 1812 1568 1503 1904 1050 1046 1862 1122 1061 1544 1137 BCNSPRNW ULIB Ver.6.0+V

เปลี่ยนเป็นภาษาไทย

Change to English
 แสดงรายละเอียดบรรณานุกรม
  กลับหน้าหลัก

Brief Record : Get Marc (ISO 2709) : E-mail record : QR code < ปิดหน้าต่าง
LEADER : 00000nam 2200000uu 4500
001    13399122355
003     ULIB
008    130221s2555||||th 000 0 tha d
099    ^aวจ.WS113^bย336ภ
100 0  ^aยุคนธร ทองรัตน์
245 00 ^aภาวะสุขภาพเด็กในโครงการพัฒนาคุณภาพชีวิตสายใยรัก คริสจักรพิษณุโลก^cโดย ยุคนธร ทองรัตน์
260    ^aพิษณุโลก:^bวิทยาลัยพยาบาลบรมราชชนนี พิษณูโลก,^c2555
300    ^a42 หน้า
650  0 ^a สุขภาพเด็ก^xวิจัย
700 0  วิสิฎฐ์ศรี เพ็งนุ่น
700 0  สาวิตรี ลิ้มกมลทิพย์
945    ^p0^l0^i033604
999    ^aเกษร โพธิ์สุวรรณ
รายการนี้ยังไม่มีแท็ก
คุณยังไม่ได้ล็อกอิน คุณสามารถมีกิจกรรมร่วมกับเว็บไซต์ได้ แต่ต้องล็อกอินก่อน ::
  ล็อกอิน

รายการสื่อสารสนเทศ

ลำดับที่ ประเภท เลขเรียก/บาร์โค้ด สถานที่ สถานะ
1. งานวิจัย
งานวิจัย
วจ.WS113 ย336ภ  
  Barcode: 033604
ห้องสมุดวิทยาเขตสวรรค์ประชารักษ์
►วิจัย
บนชั้น

BibComment


ยังไม่เคยถูกคอมเมนท์

คอมเมนท์ทรัพยากรรายการนี้
  คอมเมนท์: ภาวะสุขภาพเด็กใน..


 Copyright 2026. Bcnsprnw @Library